000 nam a22 7a 4500
999 _c27816
_d27816
008 170210b xxu||||| |||| 00| 0 eng d
020 _a9780534647278
050 _aPN 1992.75 .Z4 2006
100 _aZettl, Herbert.
_d2006
245 _aTelevision production handbook/
_cHerbert Zettl.
250 _a9th ed.
260 _aUnited Kingdom:
_bThomson wadsworth,
_c2006.
300 _axxviii, 548p.:
_bill.;
_c26cm.
521 _aIncludes bibliographies and index.
650 _aTelevision production.
942 _2lcc
_cBOOKS
_hPN 1992.75 .Z4 2006